000 00559nam a2200181Ia 4500
003 GCL
008 140319s9999 xx 000 0 ara d
040 _aGCL /
_cGCL
082 0 4 _a103
_bع م
100 1 _aعبده الحلو
245 1 0 _aمعجم المصطلحات الفلسفية فرنسى _ عربى /
_cعبده الحلو
260 _a[S.N] :
_bالمركز التربوى للبحوث والانماء ،
_c1994
300 _a217 ص
490 _a
650 0 4 _aالمصطلحات
650 0 4 _aالفلسفة - معاجم
942 _2ddc
_cBK
999 _c37423
_d37423